Federal Ownership of National and Dulles Airports : Background, Pro-Con Analysis, and Outlook.

Examines background and issues surrounding Administration proposal to transfer ownership of Washington National and Washington Dulles airports to a new regional airport authority. Addresses pros and cons of alternative actions available to Congress and the outlook for their possible implementation.

Bibliographic Details
Corporate Authors: Library of Congress. Congressional Research Service, ProQuest (Firm)
Format: eBook
Language:English
Published: [Place of publication not identified] : [publisher not identified], 1985.
Series:U.S. Congressional Research.
Subjects:
Online Access:Connect to the full text of this electronic book

MARC

Tag First Indicator Second Indicator Subfields
LEADER 00000cam a22000001a 4500
001 in00003375413
006 m d f
007 cr bn mmmapmmp
008 100616s1985 dcu o f000 0 eng d
005 20260430204240.9
035 |a cis2007879921 
040 |a ProQuest  |c ProQuest  |d UtOrBLW 
043 |a n-us--- 
099 |a CRS-1985-ECN-0120 
110 2 |a Library of Congress.  |b Congressional Research Service. 
245 1 0 |a Federal Ownership of National and Dulles Airports :  |b Background, Pro-Con Analysis, and Outlook. 
264 1 |a [Place of publication not identified] :  |b [publisher not identified],  |c 1985. 
300 |a 1 online resource. 
336 |a text  |b txt  |2 rdacontent 
337 |a computer  |b c  |2 rdamedia 
338 |a online resource  |b cr  |2 rdacarrier 
500 |a Record is based on bibliographic data in ProQuest U.S. Congressional Research Digital Collection (last viewed June 2010). Reuse except for individual research requires license from ProQuest, LLC. 
500 |a CRS Report. 
520 |a Examines background and issues surrounding Administration proposal to transfer ownership of Washington National and Washington Dulles airports to a new regional airport authority. Addresses pros and cons of alternative actions available to Congress and the outlook for their possible implementation. 
500 |a Electronic resource. 
650 0 |a Airports. 
655 7 |a Electronic books.  |2 local 
710 2 |a ProQuest (Firm) 
776 0 8 |i Microfiche version:   |a Library of Congress. Congressional Research Service.  |t Federal Ownership of National and Dulles Airports 
830 0 |a U.S. Congressional Research. 
856 4 0 |u http://proxy.library.tamu.edu/login?url=https://congressional.proquest.com/congcomp/getdoc?CRDC-ID=CRS-1985-ECN-0120  |z Connect to the full text of this electronic book  |t 0 
999 |a MARS 
999 f f |s a3d50fae-f9ce-33e9-8c94-c0f6eeb8cc8a  |i afe62b44-cd2f-3428-8007-0356e3082b68  |t 0 
952 f f |a Texas A&M University  |b College Station  |c Electronic Resources  |s www_evans  |d Available Online  |t 0  |e CRS-1985-ECN-0120  |h Other scheme 
998 f f |a CRS-1985-ECN-0120  |t 0  |l Available Online